1999 1752 1710 1241 1093 1940 1264 1446 1062 1636 1829 1195 1511 1145 1387 1522 1200 1350 1571 1298 1382 1525 1061 1958 1732 1703 1046 1798 1857 1474 1686 1629 1269 1797 1571 1503 1333 1600 1999 1518 1150 1291 1119 1754 1032 1220 1223 1605 1829 1331 1496 1353 1863 1224 1510 1592 1964 1857 1972 1059 1839 1724 1128 1554 1730 1357 1720 1055 1662 1444 1022 1832 1920 1069 1300 1896 1407 1200 1948 1493 1640 1904 1560 1943 1240 1394 1423 1248 1915 1234 1445 1353 1749 1389 1309 1374 1733 1309 1238 BCNSPRNW ULIB Ver.6.0+V

เปลี่ยนเป็นภาษาไทย

Change to English
 แสดงรายละเอียดบรรณานุกรม
  กลับหน้าหลัก

Brief Record : Get Marc (ISO 2709) : E-mail record : QR code < ปิดหน้าต่าง
LEADER : 00000nam 2200000uu 4500
001    13399121186
003     ULIB
008    121108s2552||||th 000 0 tha d
020    ^a9789742351649
050 04 ^aLB2369^bส181ก 2552
100 0  ^aสมาน จันทะดี
245 10 ^aการสร้างและการเขียนรายงานผลงานทางวิชาการ สำหรับครูและผู้บริหารสถานศึกษา /^cโดย สมาน จันทะดี
250    ^aพิมพ์ครั้งที่ 3
260    ^aกรุงเทพฯ :^bสถาบันพัฒนาความก้าวหน้า,^c2552
300    ^a467 หน้า :^bภาพประกอบ, ตาราง
504    ^aบรรณานุกรม: หน้า 446-451
650  7 ^aการเขียนทางวิชาการ
650  7 ^aการเขียนรายงาน
945    ^p250^l0^i16491
995    ^aวิภา
999 ^a ทศพร
รายการนี้ยังไม่มีแท็ก
คุณยังไม่ได้ล็อกอิน คุณสามารถมีกิจกรรมร่วมกับเว็บไซต์ได้ แต่ต้องล็อกอินก่อน ::
  ล็อกอิน

รายการสื่อสารสนเทศ

ลำดับที่ ประเภท เลขเรียก/บาร์โค้ด สถานที่ สถานะ
1. วิทยาศาสตร์การแพทย์ และสุขภาพ
วิทยาศาสตร์การแพทย์ และสุขภาพ
LB2369 ส181ก 2552  
  Barcode: 16491
ห้องสมุดวิทยาเขตสวรรค์ประชารักษ์
►หนังสือทั่วไป
บนชั้น

รายการใกล้เคียง
    ผู้แต่ง [สมาน จันทะดี]

    หัวเรื่อง [การเขียนทางวิชาการ]
    หัวเรื่อง [การเขียนรายงาน]

BibComment


ยังไม่เคยถูกคอมเมนท์

คอมเมนท์ทรัพยากรรายการนี้
  คอมเมนท์: การสร้างและการเข..


 Copyright 2026. Bcnsprnw @Library